000 01533nam a2200433 c 4500
001 52196
003 ES-MaCES
005 20250203133827.0
007 cr |||||||||||
008 220331s2021 sp 000 ||spa d
017 _aNA 68-2021
_bDL
020 _a9788413900247
020 _a9788413900261 (electrónico)
040 _aES-MaCES
_bspa
_cES-MaCES
100 1 _940261
_aAbeleira Colao, Manuela
245 1 3 _aEl trabajo de los menores en espectáculos públicos
_cManuela Abeleira Colao ; pr., Alfredo Montoya Melgar
250 _a1ª ed
260 _aCizur Menor (Navarra)
_bThomson Reuters-Aranzadi
_c2021
300 _a373 p.
_c23 cm
490 1 _aAranzadi Social
_v68
500 _aDisponible en formato electrónico mediante la aplicación PROVIEW / sin código
500 _aAnexo de Jurisprudencia: p. 341-345
504 _aBibliografía: p. 347-373
541 _cGratuito
650 4 _atrabajo de menores
_926768
650 4 _aindustria del espectáculo
_930446
650 4 _aderechos del niño
_929912
650 4 _aprotección de menores
_930974
650 4 _aderecho del trabajo
_927165
650 4 _aderecho jurisprudencial
_929863
650 4 _aEspaña
_926964
650 4 _arégimen jurídico
_929894
653 1 0 _aDerecho del trabajo y Seguridad Social
700 1 _918942
_aMontoya Melgar, Alfredo
_ecol.
830 0 _940262
_aAranzadi Social
_v68
856 4 _uhttps://miespacio.aranzadilaley.es/Account/Login
_yLegalteca
902 _aLIB Libro
942 _2CES
_cBK
_h6.0.1.
999 _c52196
_d52196